00341pab a2200133 454500008004000000100001900040245004900059260000900108300001300117362002400130650002800154650001400182773001100196180718b2004 xxu||||| |||| 00| 0 eng d aDatta, Pranati aIllegal Bangladeshi migration to West Bengal c2004 ap.29-40. aJul-Sep and Oct-Dec aMigration - West Bengal aMigration aMargin